| 000 | 01014 a2200205 4500 | ||
|---|---|---|---|
| 003 | Nust | ||
| 005 | 20220722150407.0 | ||
| 010 | _a 98018625 | ||
| 020 | _a0072891793 | ||
| 040 | _cNust | ||
| 082 | 0 | 0 | _a005.133,BAI |
| 100 | 1 | _aBailey, Duane A. | |
| 245 | 1 | 0 |
_aJava structures : _bdata structures in Java for the principled programmer / _cDuane A. Bailey. |
| 260 |
_aBoston : _bWCB McGraw-Hill, _cc1999. |
||
| 300 |
_axiii, 369 p. : _bill. ; _c25 cm. |
||
| 505 | _aIntroduction (Page-1), The Object-oriented Method (Page-5), Comments, Conditions and Assertions (Page-25), Vectors (Page-31), Design Fundamentals (Page-49), Sorting (Page-77), Lists (Page-99), Linear Structures (Page-127), Iterators ( Page-155), Ordered Structures (Page-167), Trees (Page-187), Priority Queues, (Page-223), Search Trees (Page-249), Dictionaries (Page-267), Graphs (Page-293), A Sip of Java (Page-329). | ||
| 650 | 0 | _aData structures (Computer science) | |
| 650 | 0 |
_aJava (Computer program language) _98017 |
|
| 942 |
_cREF _2ddc |
||
| 999 |
_c188257 _d188257 |
||